000 00694cab a2200241 4500
001 ABS51571
008 090401t1994 xxu||||| |||| 00| 0 eng d
035 _a(Sirsi) u33767
041 _aeng
100 _aThompson, J.C.
245 _aTalkin` `bout a revolution
260 _c1994
350 _a0
490 _aBuilding
_v295(7865) 21 October 1994, 52(1)
520 _aReviews a voice-activated, CAD software package from Headline called Cadspeak.
650 _aAUTOCAD
650 _aCAD SOFTWARE
650 _aCOMPUTER AIDED DESIGN
650 _aVOICE ACTIVATED SOFTWARE
690 _aMANAGEMENT-BUSINESS MANAGEMENT-INFORMATION MANAGEMENT
942 _n0
948 _c04/03/1997
999 _c22494
_d22494